00474nam a2200181Ia 4500008004100000020001800041050001400059100002800073245003400101245005700135260001500192260001600207260000900223300001500232300002700247300001000274500000800284170918s9999 xx 000 0 und d a9780590441698 bC277 1958 aCarison, Natalie Savage 4aThe family under the bridge / cNatalie Savage Carlson ; pictures by Garth Williams. aNew York : bScholastic, c1958 a97 pages : bcolored illustration ; c19cm. a680